01091cam a2200337 i 45000010008000000030004000080050017000120080041000290100017000700150009000870200026000960200032001220400018001540500027001720820027001991000032002262450045002582600043003033000028003464900058003745410006004325620006004386500037004446550028004817000033005099060045005429420014005879420012006019990017006139520123006302755295OSt20140310182446.0791219s1980 enk b 000 0 eng  a 79041637  aGB80 a9780817216535c£8.00 a041617860X (pbk.) :c£1.60 aDLCcDLCdDLC00aPR 2878.R6b.Sh75 1991 aHS 822.3'3 bSh75 19991 aShakespeare, William,9779710aRomeo and Juliet /cWilliam Shakespeare. aU.S.A :bRaintree Publishers, cc1991. a48 p. :c24 cm.bill, ;0 aThe Arden edition of the works of William Shakespeare j1 e1 0aLiterature97798xRomeoxJuliet  7aTragedies.2gsafd978031 aGibbons, Brian,d1938-97804 a7bcbccorignewd1eocipf19gy-gencatlg 2lcccSSLC 2lcccHS c13612d13612 00102lcc40aSSLCbSSLCcSSLCd2013-08-05l0oPR 2831 .Sh527 1992pSSLC0669r2018-05-15 00:00:00tesaw2013-08-05yBK